| 000 | 00395nam a22001577a 4500 | ||
|---|---|---|---|
| 003 | NUST - PNEC | ||
| 005 | 20170116180902.0 | ||
| 008 | 150901b xxu||||| |||| 00| 0 eng d | ||
| 040 | _cLIBRARY | ||
| 082 | _a620.001 KAT | ||
| 100 |
_96389 _aKate,S. K. |
||
| 245 |
_aEngineering Mathematics-III _cS. K. Kate. |
||
| 260 | _c2006 | ||
| 650 |
_96396 _aElectrical Engineering _xEE |
||
| 942 |
_2ddc _cBK |
||
| 999 |
_c64986 _d64986 |
||